10 stanów USA o najwyższym wzniesieniu - Statystyki

Ogólne statystyki
  • Ten quiz został rozwiązany 69 razy
  • Średni wynik to 6 z 10
Statystyki odpowiedzi
Stopy Stan Metry % Poprawnych
14 505 Kalifornia 4 421
90%
20 310 Alaska 6 191
75%
14 417 Waszyngton 4 394
75%
13 147 Nevada 4 007
67%
12 807 Montana 3 903
62%
14 440 Kolorado 4 401
60%
13 167 Nowy Meksyk 4 013
58%
13 534 Utah 4 125
52%
13 803 Hawaje 4 207
48%
13 809 Wyoming 4 209
42%
Nie znaleziono quizów pasujących do podanych kryteriów
Rozkład punktacji
Procent ludzi z każdym wynikiem
Percentyl według liczby udzielonych odpowiedzi
Twoja historia wyników
Nie rozwiązałeś tego quizu